MARC details
| 000 -LEADER |
| fixed length control field |
02317nam a22003497a 4500 |
| 001 - CONTROL NUMBER |
| control field |
101080 |
| 003 - CONTROL NUMBER IDENTIFIER |
| control field |
KnowledgeUnlatched |
| 005 - DATE AND TIME OF LATEST TRANSACTION |
| control field |
20210303105152.0 |
| 006 - FIXED-LENGTH DATA ELEMENTS--ADDITIONAL MATERIAL CHARACTERISTICS |
| fixed length control field |
m o d |
| 007 - PHYSICAL DESCRIPTION FIXED FIELD--GENERAL INFORMATION |
| fixed length control field |
cr u|||||||||| |
| 008 - FIXED-LENGTH DATA ELEMENTS--GENERAL INFORMATION |
| fixed length control field |
210129p20122019gw o u00| u eng d |
| 037 ## - SOURCE OF ACQUISITION |
| Institution to which field applies |
BiblioBoard |
| 020 ## - INTERNATIONAL STANDARD BOOK NUMBER |
| International Standard Book Number |
9783110245608 |
| 029 1# - OTHER SYSTEM CONTROL NUMBER (OCLC) |
| OCLC library identifier |
https://library.biblioboard.com/ext/api/media/b859465a-d8f1-4bde-a28e-71f58a364567/assets/thumbnail.jpg |
| 040 ## - CATALOGING SOURCE |
| Original cataloging agency |
ScCtBLL |
| Transcribing agency |
ScCtBLL |
| 245 00 - TITLE STATEMENT |
| Title |
Performing Interpersonal Violence |
| Remainder of title |
Court, Curse, and Comedy in Fourth-Century BCE Athens / |
| Statement of responsibility, etc. |
Werner Riess. |
| 264 #1 - PRODUCTION, PUBLICATION, DISTRIBUTION, MANUFACTURE, AND COPYRIGHT NOTICE |
| Name of producer, publisher, distributor, manufacturer |
De Gruyter, |
| 300 ## - PHYSICAL DESCRIPTION |
| Extent |
1 online resource (493 p.) |
| 506 0# - RESTRICTIONS ON ACCESS NOTE |
| Terms governing access |
Access copy available to the general public. |
| Standardized terminology for access restriction |
Unrestricted |
| Source of term |
star |
| 520 ## - SUMMARY, ETC. |
| Summary, etc. |
This book offers the first attempt at understanding interpersonal violence in ancient Athens. While the archaic desire for revenge persisted into the classical period, it was channeled by the civil discourse of the democracy. Forensic speeches, curse tablets, and comedy display a remarkable openness regarding the definition of violence. But in daily life, Athenians had to draw the line between acceptable and unacceptable behavior. They did so by enacting a discourse on violence in the performance of these genres, during which complex negotiations about the legitimacy of violence took place. Since discourse and reality were intertwined and the discourse was ritualized, actual violence might also have been partly ritualized. By still respecting the on-going desire to harm one's enemy, this partial ritualization of violence helped restrain violence and thus contributed to Athens' relative stability. |
| 588 0# - SOURCE OF DESCRIPTION NOTE |
| Source of description note |
Description based on print version record. |
| 590 ## - LOCAL NOTE (RLIN) |
| Local note |
KU Select 2017: Backlist Collection |
| 650 #7 - SUBJECT ADDED ENTRY--TOPICAL TERM |
| Topical term or geographic name entry element |
History / Ancient |
| Source of heading or term |
bisacsh |
| 650 #0 - SUBJECT ADDED ENTRY--TOPICAL TERM |
| Topical term or geographic name entry element |
History |
| 655 #0 - INDEX TERM--GENRE/FORM |
| Genre/form data or focus term |
Electronic books. |
| 700 1# - ADDED ENTRY--PERSONAL NAME |
| Personal name |
Riess, Werner |
| Relator term |
editor. |
| 758 ## - |
| -- |
Is found in: |
| -- |
Knowledge Unlatched |
| -- |
https://openresearchlibrary.org/module/2774bc74-146a-484f-a7ba-ab1d6a09bbfb |
| 856 40 - ELECTRONIC LOCATION AND ACCESS |
| Uniform Resource Identifier |
<a href="https://openresearchlibrary.org/content/b859465a-d8f1-4bde-a28e-71f58a364567">https://openresearchlibrary.org/content/b859465a-d8f1-4bde-a28e-71f58a364567</a> |
| Public note |
View this content on Open Research Library. |
| -- |
0 |